| 000 | 00370cam a22000977a 4500 | ||
|---|---|---|---|
| 008 | 180718b1974 xxu||||| |||| 00| 0 eng d | ||
| 245 |
_aIndian standard specification for library catalogue and abstract card _cby Indian Standrads Institution, India |
||
| 260 |
_aNew Delhi _bIndian Standrads Institution _c1974 |
||
| 300 | _a12p. | ||
| 700 | _aIndia. Indian Standrads Institution | ||
| 999 |
_c498211 _d498211 |
||